000
00225nam a22000857a 4500
008
170110b xxu||||| |||| 00| 0 eng d
100
_9
2290
_a
Bhat. R. L
245
_a
ABC of Historical Atlas-9
260
_a
New Delhi
_b
Holy Faith
_c
2007
999
_c
5188
_d
5188